000 00510nam a2200205Ia 4500
005 20250425162334.0
008 250425s9999 xx 000 0 und d
041 _aspa
082 _a338.4791
110 _aMINISTERIO DE TURISMO DEL ECUADOR
245 0 _aMANUAL CORPORATIVO DE SEÑALIZACION TURISTICA
250 _aS.E.
260 _aEcuador
_bOBREVAL
_c2007
260 _aQUITO
300 _a75
650 _aSEÑALIZACION TURISTICA
650 _aTURISMO-ECUADOR
942 _c01
010 _a63634
999 _c227193
_d227193